Export directory of Denmark : Danish exporters 2000 [
| Format: | Book |
|---|---|
| Published: |
Virum:
Kraks Forlag AS,
2000.
|
| Subjects: |
| LEADER | 00530cam a2200157 7i4500 | ||
|---|---|---|---|
| 001 | 0000008494 | ||
| 005 | 20001204090000.0 | ||
| 020 | 0 | 0 | |a 8772257199 |
| 022 | 0 | 0 | |a 13992333 |
| 090 | 0 | 0 | |a CD-ROM 184 |b EXP |
| 245 | 0 | 0 | |a Export directory of Denmark : |b Danish exporters 2000 [ |m electronic resources]. |
| 260 | 0 | 0 | |a Virum: |b Kraks Forlag AS, |c 2000. |
| 300 | # | # | |a Electronic computer optical disc (CD-ROM). |
| 650 | 0 | 0 | |a Exporters -- |x Directories -- |z Denmark |
| 651 | 0 | 0 | |a Denmark |
| 999 | |a 0000012053 |b CD-ROM |c AV Collection |e Business Information Centre | ||


